| 000 | 00547nam a2200181 a 4500 | ||
|---|---|---|---|
| 001 | 000025381 | ||
| 005 | 20200930023740.0 | ||
| 008 | 110215s1986 sp a r 000 0 spa d | ||
| 040 |
_aDO-SdBNP _bspa _cBNPHU |
||
| 082 |
_ann* _bnn* |
||
| 100 | 1 |
_aBarceló, Carlos. _951964 |
|
| 245 | 1 | 0 |
_aGane dinero sabiendo vender / _cCarlos Barceló. |
| 260 |
_aBilbao : _bMensajero, _c[1986]. |
||
| 300 |
_a187 p. : _bil. ; _c18 cm. |
||
| 490 | 1 |
_aBosillo Mensajero. Psicología _v111 |
|
| 830 | 0 |
_aBolsillo Mensajero. _pPsicología, _v111 _951965 |
|
| 049 | _aBNGR | ||
| 999 |
_c24873 _d24873 |
||